| 000 | 02560nam a22004337a 4500 | ||
|---|---|---|---|
| 003 | CHAP | ||
| 005 | 20240520121145.0 | ||
| 007 | ta | ||
| 008 | 220805s2019 mx ebdofr|||| 001 0 spa d | ||
| 040 | _amxchpua | ||
| 090 |
_aT.C.828 _bR49 EIUPA _c2019 |
||
| 245 | 1 | 0 |
_aEmpresa cervecera Mela's Craft Beer, Bogotá, Colombia / _ccoordinadora Diana América Reyna Izaguirre ; colaboradores Alondra Bautista Hernández...[et al.] |
| 260 |
_aChapingo, México : _bEl autor, _c2019 |
||
| 300 |
_a140 hojas : _bilustraciones, gráficas, mapas, fotos + _e1 CD-ROM |
||
| 336 |
_2rdacontent _atexto _btxt |
||
| 337 |
_2rdamedia _ano mediado _bn |
||
| 338 |
_2rdacarrier _avolumen _bnc |
||
| 500 | _aGrado 7° Grupo 5 | ||
| 502 |
_aViaje de Estudios _b(EIUPA) -- _cUACh. Departamento de Ingeniería Agroindustrial, _d2019 |
||
| 504 | _aBibliografía: h. 135-140 | ||
| 505 | 0 | _a6 planos: -- 1. Plano de Distribución de áreas -- 2. Plano de Distribución de equipo -- 3. Plano de Diagrama de recorrido -- 4. Plano de Diagrama de recorrido propuesto -- 5. Plano DTI -- 6. Plano Diagrama de flujo | |
| 650 | 1 | 3 |
_aIndustria cervecera _zColombia _zBogotá |
| 650 | 1 | 3 |
_9185249 _aCalidad de la cerveza |
| 650 | 1 | 3 |
_aElaboración de cerveza _xCalidad del procesamiento |
| 650 | 1 | 3 |
_aCervezas _zColombia |
| 650 | 1 | 3 |
_aBrewing industry _zColombia _zBogotá |
| 650 | 1 | 3 |
_9185250 _aBeer quality |
| 650 | 1 | 3 |
_aBrewing _xProcessing quality |
| 650 | 1 | 3 |
_aBeers _zColombia |
| 700 | 1 |
_aReyna Izaguirre, Diana America _ecoordinadora _997046 |
|
| 700 | 1 |
_9185345 _aBautista Hernández, Alondra _ecolaboradora |
|
| 856 | 4 | 1 |
_yDESCARGAR PLANO DE DISTRIBUCIÓN DE ÁREAS _uhttp://10.13.5.2/ve/T_C_828_EIUPA/T_C_828_EIUPA_2019_PLANO_AREAS-Modelo_1.pdf |
| 856 | 4 | 1 |
_yDESCARGAR PLANO DE DISTRIBUCIÓN DE EQUIPO _uhttp://10.13.5.2/ve/T_C_828_EIUPA/T_C_828_EIUPA_209_PLANO_DISTRIBUCION_DE_EQUIPO-Modelo_1.pdf |
| 856 | 4 | 1 |
_yDESCARGAR PLANO DE DIAGRAMA DE RECORRIDO _uhttp://10.13.5.2/ve/T_C_828_EIUPA/T_C_828_EIUPA_2019_PLANO_DIAGRAMA_DE_RECORRIDO-Modelo_1.pdf |
| 856 | 4 | 1 |
_yDESCARGAR PLANO DE DIAGRAMA DE RECORRIDO PROPUESTO _u10.13.5.2/ve/T_C_828_EIUPA/T_C_828_EIUPA_2019_PLANO_DIAGRAMA_DE_RECORRIDO_PROPUESTO-Modelo_1.pdf |
| 856 | 4 | 1 |
_yDESCARGAR PLANO DTI _uhttp://10.13.5.2/ve/T_C_828_EIUPA/T_C_828_EIUPA_2019_PLANO__DTI-Modelo_1.pdf |
| 856 | 4 | 1 |
_yDESCARGAR PLANO DIAGRAMA DE FLUJO _uhttp://10.13.5.2/ve/T_C_828_EIUPA/T_C_828_EIUPA_2019_PLANO_DIAGRAMA_DE_FLUJO-Modelo_1.pdf |
| 856 | 4 | 1 |
_yDESCARGAR REPORTE _uhttp://10.13.5.2/ve/T_C_828_EIUPA/T_C_828_EIUPA_2019_REPORTE.pdf |
| 999 |
_c217563 _d217563 |
||